| 000 | 00500nam a22001817a 4500 | ||
|---|---|---|---|
| 003 | DO-SdBNP | ||
| 005 | 20250620105242.0 | ||
| 008 | 201120b 2016 DR 00| 0 eng d | ||
| 020 | _a9945481762 | ||
| 040 |
_aDO-SdBNP _bspa _cBNPHU |
||
| 082 | 4 |
_a320.97293 _bA162h |
|
| 100 | 1 |
_aAbreu, Radamés _92771 |
|
| 245 | 1 | 0 |
_aHacia una nueva estrategia / _cRadamés Abreu. |
| 260 |
_aSanto Domingo : _bCentenario, _c2016. |
||
| 300 |
_a174 p ; _c23 cm. |
||
| 590 | _aInventariado, 2020 /LP | ||
| 942 |
_2ddc _cLBS1 |
||
| 999 |
_c49169 _d49169 |
||